Online
Catalog

Andalucía y América en el siglo XVIII : (Record no. 40514)

MARC details
000 -CABECERA
campo de control de longitud fija 01001nam a2200217 a 4500
001 - NÚMERO DE CONTROL
campo de control 000041024
005 - FECHA Y HORA DE LA ÚLTIMA TRANSACCIÓN
campo de control 20201002034547.0
008 - DATOS DE LONGITUD FIJA--INFORMACIÓN GENERAL
campo de control de longitud fija 130913s1985 sp 000 0 spa d
020 ## - NÚMERO INTERNACIONAL ESTÁNDAR DEL LIBRO
Número Internacional Estándar del Libro 840006089X
040 ## - FUENTE DE LA CATALOGACIÓN
Centro catalogador/agencia de origen DO-SdBNP
Lengua de catalogación spa
Centro/agencia transcriptor BNPHU
082 ## - NÚMERO DE LA CLASIFICACIÓN DECIMAL DEWEY
Número de clasificación xxxx
Número de documento/Ítem xxxx
111 1# - ENTRADA PRINCIPAL--NOMBRE DE CONGRESO/REUNIÓN
Nombre de congreso/reunión o jurisdicción como elemento de entrada Jornadas de Andalucía y América
Sede del congreso/Lugar de la reunión Universidad de Santa María de la Rábida
Número del congreso/reunión o número de parte o sección (1984 marzo )
9 (RLIN) 67493
245 10 - MENCIÓN DE TÍTULO
Título Andalucía y América en el siglo XVIII :
Resto del título actas de las IV jornadas de Andalucía y América /
Mención de responsabilidad, etc. edición Bibiano Torres Ramírez, José Hernández Palomo.
260 ## - PUBLICACIÓN, DISTRIBUCIÓN, ETC.
Lugar de publicación, distribución, etc. Sevilla, España -- :
Nombre del editor, distribuidor, etc. CSIC,
Fecha de publicación, distribución, etc. 1985.
300 ## - DESCRIPCIÓN FÍSICA
Extensión 378 p. ;
Dimensiones 25 cm.
490 1# - MENCIÓN DE SERIE
Mención de serie Publicaciones de la escuela de estudios Hispano-Americanos de Sevilla
Designación de volumen o secuencia 314
504 ## - NOTA DE BIBLIOGRAFÍA, ETC.
Nota de bibliografía, etc. Incluye referencias bibliográficas y notas al pie de las páginas
700 1# - PUNTO DE ACCESO ADICIONAL--NOMBRE DE PERSONA
Nombre de persona Torres Ramírez, Bibiano,
Término indicativo de función/relación ed.
9 (RLIN) 14974
700 1# - PUNTO DE ACCESO ADICIONAL--NOMBRE DE PERSONA
Nombre de persona Hernández Palomo, José,
Término indicativo de función/relación ed.
9 (RLIN) 14975
830 #0 - PUNTO DE ACCESO ADICIONAL DE SERIE-TÍTULO UNIFORME
Título uniforme Publicaciones de la escuela de estudios Hispano-Americanos de Sevilla
Número de parte o sección de la obra 314
9 (RLIN) 67494
Holdings
Estado de retiro Estado de pérdida Restricciones de uso No para préstamo Código de colección Localización permanente Ubicación/localización actual Ubicación en estantería Fecha de adquisición Número de inventario Total de préstamos Signatura topográfica completa Código de barras Fecha visto por última vez Precio válido a partir de Tipo de ítem Koha Número de copia
      Excluido de préstamo Monografías: Libros y Folletos General General Depósito 13.09.2013 LF1   xxxx xxxx 41024-10 25.06.2020 25.06.2020 No se presta  
      Excluido de préstamo Monografías: Libros y Folletos General General Depósito 13.09.2013 LF1   xxxx xxxx 41024-20 25.06.2020 25.06.2020 No se presta e. 2

Powered by Koha